000
00286nam a22001217a 4500
008
171024b xxu||||| |||| 00| 0 eng d
041
_a
eng
080
_2
3RD
_a
311
100
_a
55
101
_a
STA
245
_a
INTRODUCTION TO THE PRACTICE OF STATISTICS
_c
MOORE,D.S
942
_2
udc
_c
BK
999
_c
35708
_d
35708